Every city in Washington County, Utah quiz - Statistics

General Stats
  • This quiz has been taken 4 times
  • The average score is 8 of 15
Answer Stats
Hint Answer % Correct
I Ivins
100%
S St. George
100%
H Hurricane
75%
L La Verkin
75%
W Washington
75%
A Apple Valley
50%
E Enterprise
50%
L Leeds
50%
S Santa Clara
50%
S Springdale
50%
H Hildale
25%
N New Harmony
25%
R Rockville
25%
T Toquerville
25%
V Virgin
25%
No matching quizzes found
Score Distribution
Percent of People with Each Score
Percentile by Number Answered
Your Score History
You have not taken this quiz